Soccer/Football Clubs To Countries - Impossible - Statistics

General Stats
  • This quiz has been taken 104 times
  • The average score is 7 of 15
Answer Stats
Hint Answer % Correct
Excelsior Netherlands
80%
HIFK Finland
67%
Sanfrecce Japan
61%
Tondela Portugal
60%
Aldosivi Argentina
59%
Korona Poland
57%
Sepahan Iran
56%
Damac Saudi Arabia
51%
Bijelo Brdo Croatia
49%
BG Pathum United Thailand
49%
Delfin Ecuador
43%
TS Galaxy South Africa
38%
April 25 North Korea
32%
Athletic 220 Mongolia
17%
CNaPS Sport Madagascar
16%
No matching quizzes found
Score Distribution
Percent of People with Each Score
Percentile by Number Answered
Your Score History
You have not taken this quiz